1682 1803 1936 1009 1094 1765 1973 1048 1070 1569 1561 1362 1946 1130 1613 1775 1889 1228 1185 1376 1505 1919 1931 1652 1534 1915 1013 1365 1576 1435 1469 1484 1788 1180 1950 1253 1698 1932 1138 1629 1804 1768 1820 1775 1628 1585 1421 1454 1782 1182 1192 1185 1607 1518 1700 1418 1690 1320 1319 1907 1306 1044 1560 1936 1133 1072 1553 1214 1374 1906 1879 1577 1509 1079 1994 1776 1476 1026 1319 1377 1080 1778 1708 1794 1724 1155 1022 1171 1630 1360 1235 1924 1956 1748 1913 1727 1575 1628 1496 BCNSPRNW ULIB Ver.6.0+V

เปลี่ยนเป็นภาษาไทย

Change to English
 แสดงรายละเอียดบรรณานุกรม
  กลับหน้าหลัก

Brief Record : Get Marc (ISO 2709) : E-mail record : QR code < ปิดหน้าต่าง
LEADER : 00000nam 2200000uu 4500
001    13399108494
003     ULIB
008    110306s2553||||th 000 0 tha d
020    9786167287218
060 04 QZ200^bค695
245 00 คู่มือทักษะการสื่อสารเพื่อดูแลผู้ป่วยมะเร็ง /^cศูนย์ฝึกอบรมทักษะการสื่อสาร ฝ่ายกุมารเวชศาสตร์ โรงพยาบาลจุฬาลงกรณ์ ; บรรณาธิการ, ชิษณุ พันธุ์เจริญ, จรุงจิตร์ งามไพบูลย์
246 14 ทักษะการสื่อสารเพื่อดูแลผู้ป่วยมะเร็ง :^bฉบับพกพา
246 30 ทักษะการสื่อสารเพื่อดูแลผู้ป่วยมะเร็ง
260    กรุงเทพฯ :^bธนาเพรส,^c2553
300    103 หน้า ;^c19 ซม.
650  7 การสื่อสารทางการแพทย์^vคู่มือ
650  7 ผู้ป่วยมะเร็ง^xการดูแล
650  7 ผู้ป่วยมะเร็ง^xการพยาบาล
700 0  ชิษณุ พันธุ์เจริญ,^eบรรณาธิการ
700 0  จรุงจิตร์ งามไพบูลย์,^eบรรณาธิการ
710 2  โรงพยาบาลจุฬาลงกรณ์. ^bฝ่ายกุมารเวชศาสตร์.^bศูนย์ฝึกอบรมทักษะการสื่อสาร
945    ^p90^l0^i18012
945    ^p90^l0^i18013
945    ^p90^l0^i18014
995    เกษร
999 ^a ใช้งานได้ทุกระบบ
รายการนี้ยังไม่มีแท็ก
คุณยังไม่ได้ล็อกอิน คุณสามารถมีกิจกรรมร่วมกับเว็บไซต์ได้ แต่ต้องล็อกอินก่อน ::
  ล็อกอิน

รายการสื่อสารสนเทศ

ลำดับที่ ประเภท เลขเรียก/บาร์โค้ด สถานที่ สถานะ
1. วิทยาศาสตร์การแพทย์ และสุขภาพ
วิทยาศาสตร์การแพทย์ และสุขภาพ
สถานะ=หนังสือเก่า
QZ200 ค695  
  Barcode: 18012
ห้องสมุดวิทยาเขตนครสวรรค์
►ส่วนจัดเก็บหนังสือเก่า นว.
บนชั้น
  ขอยืม
2. วิทยาศาสตร์การแพทย์ และสุขภาพ
วิทยาศาสตร์การแพทย์ และสุขภาพ
สถานะ=หนังสือเก่า
QZ200 ค695 ฉ.2 
  Barcode: 18013
ห้องสมุดวิทยาเขตนครสวรรค์
►ส่วนจัดเก็บหนังสือเก่า นว.
บนชั้น
  ขอยืม
3. วิทยาศาสตร์การแพทย์ และสุขภาพ
วิทยาศาสตร์การแพทย์ และสุขภาพ
สถานะ=หนังสือเก่า
QZ200 ค695 ฉ.3 
  Barcode: 18014
ห้องสมุดวิทยาเขตนครสวรรค์
►ส่วนจัดเก็บหนังสือเก่า นว.
บนชั้น
  ขอยืม

BibComment


ยังไม่เคยถูกคอมเมนท์

คอมเมนท์ทรัพยากรรายการนี้
  คอมเมนท์: คู่มือทักษะการสื่..


 Copyright 2026. Bcnsprnw @Library